Subvence jako nástroj strukturální politiky.

Charakteristika čs. štruktúrnej politiky, ktorá obsahuje aj problematické prvky. Problematickým je predpoklad, že vláda vie aká by mala byť nová štruktúra ekonomiky, že štruktúrna politika musí vychádzať z komparatívnych výhod i to, či vláda dokáže štruktúrnu politiku presadiť. Tieto pochybnosti súv...

Descrizione completa

Salvato in:
Dettagli Bibliografici
Autore principale: Čapek, A.
Natura: Capitolo di libro
Lingua:ceco
Soggetti:
Tags: Aggiungi Tag
Nessun Tag, puoi essere il primo ad aggiungerne!!

MARC

LEADER 00000naa a2200000 4500
001 r004592
005 20221125080948.8
041 0 |a cze 
044 |a [CS] 
245 1 0 |a Subvence jako nástroj strukturální politiky.  |c A. Čapek 
520 |a Charakteristika čs. štruktúrnej politiky, ktorá obsahuje aj problematické prvky. Problematickým je predpoklad, že vláda vie aká by mala byť nová štruktúra ekonomiky, že štruktúrna politika musí vychádzať z komparatívnych výhod i to, či vláda dokáže štruktúrnu politiku presadiť. Tieto pochybnosti súvisia s otázkou subvencií. Určenie úlohy subvencií. Rozbor dôvodov subvencovania a praxe subvenčnej politiky v trhovej ekonomike vyspelých krajín. 
610 2 0 |a subvencie 
610 2 0 |a politika hospodárska 
610 2 0 |a zmeny štruktúrne 
610 2 0 |a ČSFR 
610 2 0 |a hospodárstvo trhové 
100 1 |a Čapek, A.